S-Bahn Hamburg - Multiple Choice - Statistiken

Allgemein
  • Dieses Quiz wurde 200 mal gespielt
  • Das Durchschnittsergebnis liegt bei 4 aus 10
Antwortstatistiken
Frage Antwort % Korrekt
Die S-Bahn Hamburg nutzt sowohl Gleichspannung als auch Wechselspannung auf der Strecke nach Stade. Bei wie vielen S-Bahn-Netzen in Deutschland ist das noch der Fall? Bei gar keinem
65%
Was ist die neuste Station des Netzes? Ottensen
45%
Welches Bundesland besitzt mehr Haltestellen der S-Bahn Hamburg? Schleswig-Holstein
45%
Welche Strecke ist am längsten? Die Bergedorfer S-Bahn (Hauptbahnhof-Aumühle)
42%
Wann wurden die letzten Fahrzeuge der Baureihe 472 ausgemustert? 2022
40%
An wie vielen Stationen kann zur U-Bahn Hamburg umgestiegen werden? (OHNE den Verbindungstunnel Dammtor-Stephansplatz) 9
36%
Was ist der zweitgrößte Ort (nach Hamburg), den die S-Bahn anbindet? Stade
31%
Was ist die südlichste Station des Netzes? Harburg
29%
Welcher der sieben Hamburger Stadtbezirke hat die meisten S-Bahn-Stationen? Altona
24%
Wie viele Bahnhöfe und Haltepunkte bedient die S-Bahn Hamburg insgesamt? 70
18%
Keine übereinstimmenden Quizze gefunden
Verteilung der Resultate
Anzahl Personen mit jedem Resultat
Perzentil nach korrekt beantworteten Fragen
Ihre Resultats-Entwicklung
Sie haben dieses Quiz noch nicht gespielt